Представление документа в формате RUSMARC

ПолеНазваниеЗначение
  Тип записи a
  Библиографический уровень m
001 Контрольный номер RU/SLIB/B/208743717
005 Дата корректировки 20201206204105.2
010 Индекс ISBN __
a ISBN 5-7561-0257-4
d Цена 35-00
101 Язык документа __
a Язык текста rus
c Язык оригинала rus
200 Заглавие и сведения об ответственности 1_
a Заглавие Петр и Алексей
e Сведения, относящиеся к заглавию ист. роман
f Первые сведения об ответственности Д. С. Мережковский
b Общее обозначение материала Текст
210 Выходные данные __
a Место издания Краснодар
c Издательство Краснодар. кн. изд-во
d Дата издания 1990
215 Физическое описание __
a Объем 432 с.
600 Персоналии __
a Персоналии (Фамилия) Петр
600 Персоналии __
a Персоналии (Фамилия) Петр Великий
600 Персоналии __
a Персоналии (Фамилия) Алексей
606 Тематические рубрики __
a Основная рубрика Художественная литература
z Хронологическая подрубрика 19 в.; 20 в.
606 Тематические рубрики __
a Основная рубрика Русская литература XIX в. (произведения)
610 Ключевые слова __
a Ключевые слова романы; исторические романы
686 Индексы других классификаций __
a Классификационный индекс ст84(2Рос=Рус)1-4
700 Автор _1
a Фамилия Мережковский
b Имя Д. С.
g Полное личное имя Дмитрий Сергеевич
4 Код отношения 070
801 Источник записи _0
a Страна RU
b Организация Муниципальное бюджетное учреждение культуры "Централизованная библиотечная система" г. Сургут (Центральная городская библиотека им. А. С. Пушкина)
g Правила каталогизации КиК/Тесленко
801 Источник записи _1
a Страна RU
b Организация Муниципальное бюджетное учреждение культуры "Централизованная библиотечная система" г. Сургут (Центральная городская библиотека им. А. С. Пушкина)
g Правила каталогизации КиК/Тесленко
852 Данные о местонахождении __
j Шифр хранения ст84(2Рос=Рус)1-4
c Каталожный индекс ст84(2Рос=Рус)1-4
i Авторский знак М 52
p Инвентарный номер 03070729
901 Тип документа __
t Тип документа m
903 Характеристики (МАРС) __
a Дата передачи 20030711
990 Данные о заказе (DOS) __
j Количество экземпляров (DOS) 1
t N записи в КСУ для И/У (DOS) 200307